000
00236nam a2200097Ia 4500
008
240331s9999 xx 000 0 und d
082
_b
SIV
100
_a
Sivakumaran, K.S
245
0
_a
Inthiya ilankai ilakkiyam :
_b
oru kannoddam
942
_c
L
999
_c
3626
_d
3626